000 00417nam a2200157Ia 4500
008 230917s9999||||xx |||||||||||||| ||und||
020 _cRS800
040 _e34223
_aMAIN
041 _aEnglish
082 _a327.116 P432P
100 _aChari, P R
245 0 _aPerspectives on n ational security in South Asia in search of a new paradigm
260 _aNew Delhi
_bManohar
_c1999
300 _a496 p.
942 _cBK
999 _c105799
_d105799